Minecraft Quiz #2 - Rodzaje Drzew - Statystyki

Ogólne statystyki
  • Ten quiz został rozwiązany 790 razy
  • Średni wynik to 4 z 8
Statystyki odpowiedzi
Rodzaje Drzew % Poprawnych
Brzoza
89%
Świerk
77%
Akacja
75%
Dęb
68%
Ciemny Dąb
59%
Tropikalne
32%
Spaczony
7%
Szkarłatny
5%
Nie znaleziono quizów pasujących do podanych kryteriów
Rozkład punktacji
Procent ludzi z każdym wynikiem
Percentyl według liczby udzielonych odpowiedzi
Twoja historia wyników
Nie rozwiązałeś tego quizu